Loading...
| Current Events | 3 | 0.00 | 0% | 0% | 0% |
| Fine Arts - Classical Music | 4 | 10.00 | 100% | 0% | 0% |
| Fine Arts - Other | 4 | 12.50 | 75% | 50% | 0% |
| Fine Arts - Painting and Sculpture | 4 | 5.00 | 50% | 0% | 0% |
| Geography | 2 | 5.00 | 50% | 0% | 0% |
| History - American | 3 | 10.00 | 67% | 33% | 0% |
| History - European | 3 | 10.00 | 100% | 0% | 0% |
| History - Other | 4 | 12.50 | 100% | 25% | 0% |
| History - World | 9 | 16.67 | 89% | 56% | 22% |
| Literature - Drama | 2 | 15.00 | 100% | 50% | 0% |
| Literature - Long Fiction | 7 | 14.29 | 86% | 57% | 0% |
| Literature - Misc | 1 | 10.00 | 100% | 0% | 0% |
| Literature - Poetry | 6 | 10.00 | 83% | 17% | 0% |
| Literature - Short Fiction | 2 | 10.00 | 100% | 0% | 0% |
| Mythology | 3 | 13.33 | 100% | 33% | 0% |
| Other Academic | 4 | 15.00 | 100% | 50% | 0% |
| Philosophy | 3 | 13.33 | 100% | 33% | 0% |
| Religion | 3 | 3.33 | 33% | 0% | 0% |
| Science - Biology | 5 | 6.00 | 40% | 0% | 20% |
| Science - Chemistry | 3 | 13.33 | 100% | 33% | 0% |
| Science - Other | 3 | 10.00 | 100% | 0% | 0% |
| Science - Physics | 2 | 10.00 | 100% | 0% | 0% |
| Short Fiction and Other | 1 | 20.00 | 100% | 0% | 100% |
| Social Science | 4 | 12.50 | 100% | 25% | 0% |